00385nam a2200121Ia 4500003000400000008004100004040001600045082001800061245009400079260007400173300001100247490000500258GCL140319s9999 xx 000 0 ara d aGCL / cGCL04a891.71bص ا10aالادب والثورة الشعر الروسى الحديث :دراسة وقصائد a[S.N] : bدار التنوير للطباعة والنشر ، c1985 a375 ص a